000 00292nam a22001337a 4500
008 171006b xxu||||| |||| 00| 0 eng d
020 _a9780805826333
041 _aeng
080 _a 159.9
100 _a49
101 _aPSI
245 _aMENTORING DILEMMAS
_cMURRELL.A.J
942 _2udc
_cBK
999 _c32395
_d32395